000 00336nam a2200157Ia 4500
008 150616s9999 xx 000 0 und d
040 _cOCLC
040 _dOCLC
080 _a616
100 _aSchwarcz; Sala; Duverges
245 _aObstetricia
260 _aBuenos Aires
260 _bEl ateneo
260 _c2012
942 _cBK
999 _c1749
_d1749